Most Grammys Won - Statistics

General Stats
  • This quiz has been taken 331 times
  • The average score is 3 of 17
Answer Stats
Rank Hint Answer Awards % Correct
7 American R&B singer Beyoncé 22
73%
11 American rapper Jay-Z 21
70%
7 Irish rock band U2 22
58%
11 American rapper Kanye West 21
41%
2 American record producer Quincy Jones 27
29%
6 American composer John Williams 23
22%
14 American rock musician Bruce Springsteen 20
11%
2 American country musician Alison Krauss 27
9%
7 American musician Stevie Wonder 22
9%
7 American jazz musician Chick Corea 22
2%
1 Hungarian-born Conductor Georg Solti 31
1%
14 American jazz musician Pat Metheny 20
1%
11 American country musician Vince Gill 21
1%
14 American record producer Al Schmitt 20
0%
14 American composer Henry Mancini 20
0%
4 French composer Pierre Boulez 26
0%
5 Russian-born American pianist Vladimir Horowitz 25
0%
No matching quizzes found
Score Distribution
Percent of People with Each Score
Percentile by Number Answered
Your Score History
You have not taken this quiz